000 00574nam a2200193Ia 4500
005 20260114185637.0
008 008 260114s9999 xx 000 0 eng d
020 _a9780755624393
037 _aEBOOK
040 _aCRL
_beng
_cCRL
041 _aeng
_2eng
084 _qCRL
100 _aAndrew Tait Jarboe
_9872605
245 0 _aWar News in India The Punjabi Press During World War I
260 _bBloomsbury
_c2015
856 _uhttps://doi.org/10.5040/9780755624393?locatt=label:secondary_bloomsburyCollections
942 _cEBOOK
999 _c1471553
_d1471553